000 00734nam a2200241Ia 4500
999 _c8450
_d8450
003 0100
005 20190711155515.0
008 130303s9999 xx 000 0 und d
020 _a902818880
040 _cARRUPELIB
050 _aHD8039.M61R488
100 _aVan Onselen, Charles
_923147
245 _aChibaro: African mine labour in Southern Rhodesia, 1900-1933
260 _aLondon
260 _bPluto Press
_c1976
300 _a326p. 23cm
650 _aGold mines and mining
_xHistory
_yZimbabwe
_923151
700 _aCharles Van Onselen
_923152
942 0 0 _04
_2lcc
_cMONOGRAPH